Cities with the most sex workers - Statistics

General Stats
  • This quiz has been taken 145 times
  • The average score is 4 of 30
Answer Stats
Me love you long time City % Correct
28. (E Asia) Tokyo
84%
18. (E Asia) Seoul
60%
1. (Africa) Kinshasa
51%
27. (E Asia) Osaka
48%
14. (E Asia) Busan
34%
23. (E Asia) Kyoto
27%
24. (E Asia) Sapporo
26%
26. (E Asia) Nagoya
25%
10. (S.Am) Caracas
18%
16. (E Asia) Daegu
12%
4. (Africa) Lubumbashi
8%
6. (Africa) Freetown
6%
7. (E Europe) Riga
6%
13. (E Asia) Gwangju
4%
12. (E Asia) Jeju
4%
15. (E Asia) Daejeon
3%
3. (Africa) Kisangani
3%
5. (Africa) Mbuji-Mayi
3%
11. (SE Europe) Ljubljana
2%
9. (S.Am) Maracaibo
2%
22. (E Asia) Kagoshima
1%
2. (Africa) Kananga
1%
17. (E Asia) Suwon
1%
29. (E Asia) Dorobo
0%
21. (E Asia) Kamiyama
0%
25. (E Asia) Kitakyushu
0%
19. (W Asia) Manama
0%
8. (S.Am) Maracay
0%
30. (E Asia) Naha
0%
20. (Oceania) Nuku'alofa
0%
No matching quizzes found
Score Distribution
Percent of People with Each Score
Percentile by Number Answered
Your Score History
You have not taken this quiz